Przyporządkuj malarza do obrazu - Statystyki

Ogólne statystyki
  • Ten quiz został rozwiązany 49 razy
  • Średni wynik to 5 z 16
Statystyki odpowiedzi
Obrazkowy Odpowiedź % Poprawnych
Aleksander Gierymski
62%
Claude Monet
62%
Jacek Malczewski
56%
Caravaggio
51%
Francisco Goya
49%
Edgar Degas
44%
Stanisław Wyspiański
38%
Caspar David Friedrich
31%
Vincent van Gogh
31%
Henri Matisse
28%
Paul Cezanne
28%
James McNeill Whistler
21%
Edouard Manet
15%
Jan van Eyck
15%
Henri Rousseau
8%
Johannes Vermeer
5%
Nie znaleziono quizów pasujących do podanych kryteriów
Rozkład punktacji
Procent ludzi z każdym wynikiem
Percentyl według liczby udzielonych odpowiedzi
Twoja historia wyników
Nie rozwiązałeś tego quizu